Responses for Show #3410 - Friday, June 4, 1999

Contestants

[<< previous game]

Kathy Grogman, an attorney originally from Mascoutah, Illinois

Heather Rhodes, an English teacher from Reseda, California

Preston Spickler, an actor originally from Harpers Ferry, West Virginia (whose 1-day cash winnings total $4,200)

[next game >>]

Jeopardy! Round responses

CHRISTIANITY
MEET THE FLINTSTONES
FAMOUS FIRSTS
LITERARY HODGEPODGE
CROSSWORD CLUES "T"
VIEWER MAIL
(Alex: This is not an invitation to our viewers to write us!)
    $100 2
Advent

Heather
    $100 14
The Honeymooners

Kathy
    $100 15
Richard Nixon

Kathy
    $100 8
Louisa May Alcott

Kathy
    $100 1
Toto

Heather
    $100 25
horns

Heather
    $200 3
faith, hope & charity

Preston
    $200 21
Pebbles & Bamm-Bamm

Heather
    $200 16
a stewardess

Preston
    $200 9
a butterfly

Kathy
    $200 4
turf

Preston
    $200 26
[NOTE: Geronimo was referred to as a chief in clues in shows #864, aired 1988-05-12 (THE 1880s $200) and #3192, aired 1998-06-16 (U.S. MILITARY MUSEUMS $500). The fact that he was never [*] was highlighted in show #5686, aired 2009-05-04 (WE SHALL REMAIN: GERONIMO $400). Despite the mail, the incorrect designation was made again in show #7442, aired 2017-01-10 (FORT-ITUDE $1600). For the many earlier and later clues in which Tecumseh was referred to as [*], see here.]

chief

Heather
    $500 13
Mexico City

Heather
    $300 22
Betty Rubble

Heather
    $300 17
bifocals

Kathy
    $300 10
Robert Burns

Kathy
    $300 5
tie

Heather
    $300 27
[NOTE: The clue in question appeared in show #3167, aired 1998-05-12 (ELECTRONIC MUSIC $600).]

his mom

Triple Stumper
    $400 19
the Virgin Mary

Heather
    $400 23
"I Got Rhythm"

Triple Stumper
    $400 18
Steamboat Willie

Heather
    $400 11
Willa Cather

Kathy
    $400 6
taffy

Kathy
    $400 28
(Heather: What is a holiday?)
[NOTE: Despite the mail, Ash Wednesday was referred to as [*] again in show #8542, aired 2021-12-28 (ASHES TO ASHES $200).]

a holy day

Heather
Triple Stumper
    $500 20
seraphim

Heather
    $500 24
(Heather: Who is Archibald Leach?)

Cary Granite

Heather
Triple Stumper
    $500 30
Margaret Chase Smith

Preston
    $500 12
Ezra Pound

Heather
    $500 7
thumb

Preston
    $500 29
[NOTE: This "fact" appeared in show #1211, aired 1989-12-04 (CELEBRITY RELATIVES $400), as well as in show #3272, aired 1998-11-24 (BIRTHPLACES $600).]

Steve Allen

Preston

Scores at the first commercial break (after clue 13):

Preston Heather Kathy
$900 $1,500 $1,400

Scores at the end of the Jeopardy! Round:

Preston Heather Kathy
$2,100 $2,700 $1,900

Double Jeopardy! Round responses

BODIES OF WATER
THE TEN COMMANDMENTS
(Alex: The movie.)
BORN ON THE THIRD OF JULY
(Alex: That's a twist!)
FROM A TO B
(Alex: Each correct response will begin with the letter A and end with the letter B.)
YE GODS!
THEY MEANT BUSINESS
    $200 6
(Preston: What is Scotland?)

England

PrestonKathy
    $200 26
the Red Sea

Heather
    $200 1
George M. Cohan

Heather
    $200 16
absorb

Preston
    $200 21
Vulcan

Triple Stumper
    $200 11
Starbucks

Kathy
    $400 7
the Caspian Sea

Kathy
    $400 27
Cecil B. DeMille

Kathy
    $400 2
Tom Stoppard

Kathy
    $400 17
an adverb

Preston
    $400 22
(Alex: We have less than a minute to go.)

Freya

Triple Stumper
    $400 12
Kresge

Kathy
    $600 8
the Mississippi River

Triple Stumper
    $600 28
[The end-of-round signal sounds.]

Alfalfa

Kathy
    $600 3
Franz Kafka

Kathy
    $600 18
an alb

Triple Stumper
    $600 23
Aurora

Preston
    $600 13
Charles Revson

Kathy
    $800 9
the Bay of Fundy

Kathy
    $500 4
Jean-Claude Duvalier

Kathy
    $500 19
(Preston: [No response])

aplomb

Preston
    $800 24
Isis

Preston
    $800 14
Samuel Sachs

Kathy
    $1000 10
(Heather: What is Australia?)

Antarctica

Heather
Triple Stumper
    $1000 5
[Watson and the Shark was shown.]
(Kathy: Who is Homer?)

John Singleton Copley

Kathy
Triple Stumper
    $1000 20
(Preston: What is Absolutely Fabulous?)

Ab Fab

PrestonHeather
    $1000 25
Kali

Triple Stumper
    $1000 15
Coca-Cola

Preston

Scores at the end of the Double Jeopardy! Round:

Preston Heather Kathy
$3,400 $3,100 $6,800
(lock-tie game)

[wagering suggestions for these scores]

Final Jeopardy! Round responses

FAMOUS NAMES OF THE 1950s
(Alex: I remember - do you?)
HeatherWhat is Sm
$3,099
PrestonWhat is Smith
$3,400
KathyWhat are ?
$0
Rosenberg

Final scores:

Preston Heather Kathy
$0 $1 $6,800
3rd place: Capital Records Ultralounge Series of CDs 2nd place: a trip to Wyndham Rose Hall Resort, Montego Bay, Jamaica New champion: $6,800

Game dynamics:

Coryat scores:

Preston Heather Kathy
$3,900 $2,900 $7,100
11 R,
3 W
(including 1 DD)
15 R
(including 1 DD),
3 W
20 R
(including 1 DD),
1 W

Combined Coryat: $13,900

[game clues] [game scores] [suggest correction]

Game tape date: Unknown
The J! Archive is created by fans, for fans. Scraping, republication, monetization, and malicious use prohibited; this site may use cookies and collect identifying information. See terms. The Jeopardy! game show and all elements thereof, including but not limited to copyright and trademark thereto, are the property of Jeopardy Productions, Inc. and are protected under law. This website is not affiliated with, sponsored by, or operated by Jeopardy Productions, Inc. Join the discussion at JBoard.tv.